00705nam a2200217 i 4500001000300000245007800003260004600081300002400127504002200151650002200173650003600195655002600231700002900257020001800286040000800304041000800312044000800320080002000328008004100348856009800389bg00aBusiness English readings :bworkbook /cJoanna Jakubiec-Bontko [et al.]. aWarszawa :bWydawnictwo C.H. Beck,c2007. aX, 170 s. ;c25 cm. aBibliogr s. IX-X. 9aJęzyk angielski 9aNauki ekonomicznexterminologia aĆwiczenia i zadania1 aJakubiec-Bontko, Joanna. a9788374835718 cBPK0 aeng aPOL a811.111(076):33 s pl f |000 0 pol  uhttp://koha.tu.koszalin.pl/cgi-bin/koha/opac-detail.pl?biblionumber=55392yKatalog online BPK